[Event "Hoogeveen op 25th"]
[Site "Hoogeveen"]
[Date "2022.10.21"]
[Round "8"]
[White "Storkebaum, Ulrike"]
[Black "Boersma, Jan"]
[Result "1/2-1/2"]
[WhiteElo "1768"]
[BlackElo "1930"]
[PlyCount "40"]
[EventDate "2022.10.15"]
[EventType "swiss"]
[EventRounds "9"]
[EventCountry "NED"]
[SourceTitle "CBM 210 Extra"]
[Source "ChessBase"]
[SourceDate "2022.11.30"]
[SourceVersion "1"]
[SourceVersionDate "2022.11.30"]
[SourceQuality "1"]

1. e4 c5 2. Nf3 g6 3. d4 cxd4 4. Nxd4 Nc6 5. c4 Bg7 6. Be3 Qb6 7. Nb5 Qa5+ 8. N1c3 Nf6 9. f3 0-0 10. Be2 d6 11. 0-0 Be6 12. Rc1 a6 13. Nd4 Nxd4 14. Bxd4 Rfc8 15. b3 b5 16. cxb5 axb5 17. Qd3 b4 18. Na4 Nd7 19. Bxg7 Kxg7 20. Qd4+ f6 1/2-1/2

[Event "Hoogeveen op 25th"]
[Site "Hoogeveen"]
[Date "2022.10.18"]
[Round "4"]
[White "Storkebaum, Ulrike"]
[Black "Lootsma, Jan"]
[Result "0-1"]
[WhiteElo "1768"]
[BlackElo "1928"]
[PlyCount "86"]
[EventDate "2022.10.15"]
[EventType "swiss"]
[EventRounds "9"]
[EventCountry "NED"]
[SourceTitle "CBM 210 Extra"]
[Source "ChessBase"]
[SourceDate "2022.11.30"]
[SourceVersion "1"]
[SourceVersionDate "2022.11.30"]
[SourceQuality "1"]

1. e4 e6 2. d4 d5 3. exd5 exd5 4. Nf3 Bd6 5. Bd3 Nf6 6. 0-0 0-0 7. Re1 Bg4 8. h3 Bh5 9. Nbd2 Nbd7 10. c4 c6 11. c5 Bc7 12. Nf1 b6 13. b4 a5 14. Bd2 axb4 15. cxb6 Bxb6 16. Bxb4 c5 17. dxc5 Nxc5 18. Ng3 Nxd3 19. Qxd3 Bg6 20. Qd2 Re8 21. Rxe8+ Qxe8 22. Re1 Qb8 23. Ne5 Be4 24. Bc3 Qa7 25. Re2 d4 26. Bb4 Qb7 27. Nxe4 Nxe4 28. Qd3 Nf6 29. Nf3 Qd5 30. a3 Rc8 31. Rc2 Re8 32. Kf1 h6 33. Re2 Rxe2 34. Kxe2 Nh5 35. Qd2 Qe4+ 36. Kf1 Nf4 37. Ne1 d3 38. Nf3 Nxh3 39. gxh3 Qxf3 40. Kg1 Qg3+ 41. Kf1 Qxh3+ 42. Kg1 Bc7 43. f4 Bb6+ 0-1

[Event "BL2 Sued 2122 (Women)"]
[Site "Germany"]
[Date "2022.04.09"]
[Round "6.5"]
[White "Storkebaum, Ulrike"]
[Black "Landenberger, Anja Kathrin"]
[Result "0-1"]
[WhiteElo "1773"]
[BlackElo "1741"]
[PlyCount "94"]
[EventDate "2021.11.27"]
[EventType "team-tourn"]
[EventRounds "7"]
[EventCountry "GER"]
[SourceTitle "EXT 2023"]
[Source "ChessBase"]
[SourceDate "2022.10.05"]
[SourceVersion "1"]
[SourceVersionDate "2022.10.05"]
[SourceQuality "1"]
[WhiteTeam "Hofheim (W)"]
[BlackTeam "Karlsruhe (W)"]
[WhiteTeamCountry "GER"]
[BlackTeamCountry "GER"]

1. e4 c6 2. d4 d5 3. Nc3 dxe4 4. Nxe4 Nd7 5. Nf3 Ngf6 6. Ng3 e6 7. Bd3 Bd6 8. Bg5 h6 9. Bd2 0-0 10. c4 c5 11. Qc2 cxd4 12. Nxd4 Bxg3 13. hxg3 Nc5 14. Be2 Qxd4 15. Be3 Qe4 16. 0-0-0 Qxc2+ 17. Kxc2 Nce4 18. Bf3 e5 19. Rh4 Bf5 20. Kb3 Rfd8 21. Rxd8+ Rxd8 22. Bxa7 Nd2+ 23. Kb4 Nxf3 24. gxf3 Ra8 25. Be3 Rxa2 26. Kc3 Ra8 27. Rh1 Rc8 28. Kb4 Bd7 29. Rd1 Bc6 30. f4 Ng4 31. fxe5 Nxe3 32. fxe3 Re8 33. Kc3 Rxe5 34. Rd8+ Kh7 35. Kd4 Rg5 36. b4 Rxg3 37. b5 Bf3 38. Rd7 Rg4+ 39. Kd3 f6 40. Re7 f5 41. c5 Rb4 42. b6 h5 43. Kc3 Re4 44. Rxb7 Rxe3+ 45. Kd4 Bxb7 46. Kxe3 Kg6 47. Kf4 Kf6 0-1

[Event "BL2 Sued 2122 (Women)"]
[Site "Germany"]
[Date "2022.02.20"]
[Round "3.6"]
[White "Storkebaum, Ulrike"]
[Black "Wilke, Tabea"]
[Result "1-0"]
[WhiteElo "1762"]
[BlackElo "1749"]
[PlyCount "105"]
[EventDate "2021.11.27"]
[EventType "team-tourn"]
[EventRounds "7"]
[EventCountry "GER"]
[SourceTitle "EXT 2023"]
[Source "ChessBase"]
[SourceDate "2022.10.05"]
[SourceVersion "1"]
[SourceVersionDate "2022.10.05"]
[SourceQuality "1"]
[WhiteTeam "Hofheim (W)"]
[BlackTeam "Gernsheim (W)"]
[WhiteTeamCountry "GER"]
[BlackTeamCountry "GER"]

1. e4 e5 2. Nf3 Nc6 3. d4 exd4 4. Nxd4 Bc5 5. Be3 Qf6 6. c3 Nge7 7. Be2 b6 8. 0-0 Bb7 9. Nb5 0-0-0 10. Bxc5 bxc5 11. Nd2 Kb8 12. Qa4 Nc8 13. Rad1 Nb6 14. Qc2 Qg6 15. Na3 h5 16. f4 d5 17. e5 Qxc2 18. Nxc2 Rde8 19. Bf3 f6 20. exf6 gxf6 21. Rfe1 h4 22. b3 Nd8 23. Rxe8 Rxe8 24. Kf2 Nf7 25. Bh5 Re7 26. Bxf7 Rxf7 27. Nf3 Re7 28. Nxh4 Ba6 29. Re1 Rxe1 30. Kxe1 Bd3 31. Kd2 Bxc2 32. Kxc2 d4 33. Ng6 Nd5 34. cxd4 cxd4 35. g3 Nb4+ 36. Kd2 Nxa2 37. Nf8 Kc8 38. Ne6 Nc3 39. Nxd4 Ne4+ 40. Ke3 Nd6 41. Nc6 Kd7 42. Nb4 Ke6 43. g4 c5 44. f5+ Ke5 45. Nd3+ Kd5 46. Nf4+ Ke5 47. Ng6+ Kd5 48. Ne7+ Ke5 49. Nc6+ Kd5 50. Na5 c4 51. bxc4+ Nxc4+ 52. Nxc4 Kxc4 53. g5 1-0

[Event "BL 1819 (Women)"]
[Site "Germany"]
[Date "2019.03.01"]
[Round "9.6"]
[White "Storkebaum, Ulrike"]
[Black "Gvanceladze, Anna"]
[Result "1/2-1/2"]
[WhiteElo "1779"]
[BlackElo "2257"]
[PlyCount "175"]
[EventDate "2018.10.27"]
[EventType "team-tourn"]
[EventRounds "11"]
[EventCountry "GER"]
[SourceTitle "CBM 189 Extra"]
[Source "ChessBase"]
[SourceDate "2019.06.03"]
[SourceVersion "1"]
[SourceVersionDate "2019.06.03"]
[SourceQuality "1"]
[WhiteTeam "Hofheim (W)"]
[BlackTeam "Bad Koenigshofen (W)"]
[WhiteTeamCountry "GER"]
[BlackTeamCountry "GER"]

1. e4 c6 2. d4 d5 3. Nc3 dxe4 4. Nxe4 Bf5 5. Ng3 Bg6 6. Nf3 Nd7 7. h4 h6 8. h5 Bh7 9. Bd3 Bxd3 10. Qxd3 e6 11. Be3 Bb4+ 12. c3 Be7 13. 0-0-0 Ngf6 14. Kb1 0-0 15. Ne4 Nxe4 16. Qxe4 Nf6 17. Qc2 Qd5 18. c4 Qe4 19. Qxe4 Nxe4 20. Ne5 Rfd8 21. f3 Ng3 22. Rh3 Nf5 23. f4 Bc5 24. Bf2 f6 25. Ng6 Kf7 26. Rhd3 Bb6 27. g4 Nd6 28. b3 Rd7 29. Be3 Ne4 30. Kc2 Rad8 31. c5 Bc7 32. b4 Rd5 33. Rf1 Ng3 34. Re1 f5 35. Bf2 Ne4 36. Bh4 R8d7 37. gxf5 exf5 38. Red1 Bd8 39. Be1 Bf6 40. Ne5+ Bxe5 41. dxe5 Ke6 42. Rxd5 cxd5 43. Kd3 g5 44. hxg6 Rg7 45. Rc1 Kd7 46. Kd4 Rxg6 47. Kxd5 Rg2 48. e6+ Ke7 49. Ke5 Re2 50. Kxf5 Nf6 51. Bh4 Rxe6 52. Rg1 Kf7 53. Rg6 Ne8 54. Rg2 Rc6 55. Ke5 a6 56. f5 Nc7 57. Rd2 a5 58. a3 axb4 59. axb4 Kf8 60. Rd8+ Ne8 61. Rd7 b6 62. cxb6 Rxb6 63. Be7+ Kg8 64. Bc5 Rc6 65. Rd8 Kf7 66. Rd7+ Kg8 67. Re7 Nf6 68. Re6 Nd7+ 69. Kd5 Rc8 70. Rxh6 Kg7 71. Rg6+ Kf7 72. Bd4 Rc1 73. Rg7+ Ke8 74. b5 Rb1 75. Kc6 Nb8+ 76. Kb6 Nd7+ 77. Ka5 Rd1 78. Bc3 Rc1 79. Kb4 Rb1+ 80. Kc4 Nb6+ 81. Kd3 Rxb5 82. Ke4 Nd7 83. Kf4 Rb3 84. Bd4 Rb4 85. Ke3 Rb1 86. Ke2 Rb4 87. Ke3 Rb1 88. Ke2 1/2-1/2

[Event "Hersonissos op 2nd"]
[Site "Hersonissos"]
[Date "2018.06.24"]
[Round "9"]
[White "Iminov, Bachtiar"]
[Black "Storkebaum, Ulrike"]
[Result "0-1"]
[WhiteElo "1842"]
[BlackElo "1825"]
[PlyCount "80"]
[EventDate "2018.06.17"]
[EventType "swiss"]
[EventRounds "9"]
[EventCountry "GRE"]
[SourceTitle "CBM 185 Extra"]
[Source "ChessBase"]
[SourceDate "2018.07.29"]
[SourceVersion "1"]
[SourceVersionDate "2018.07.29"]
[SourceQuality "1"]

1. Nf3 Nf6 2. c4 g6 3. b4 Bg7 4. Bb2 0-0 5. g3 d6 6. Bg2 e5 7. 0-0 Nc6 8. b5 Ne7 9. d3 Rb8 10. Nbd2 c5 11. Ne1 Ng4 12. h3 Nh6 13. Nc2 f5 14. Ne3 Be6 15. Nb1 f4 16. Nd5 fxg3 17. fxg3 Nhf5 18. g4 Nh4 19. Nbc3 Nxg2 20. Kxg2 Nxd5 21. cxd5 Bd7 22. Qd2 a6 23. Rxf8+ Qxf8 24. Rf1 Qd8 25. bxa6 bxa6 26. Ne4 Qe7 27. Bc3 Rf8 28. Rxf8+ Qxf8 29. Ba5 Bf6 30. Bc7 Be7 31. Qa5 h5 32. Qb6 hxg4 33. hxg4 Qf4 34. g5 Qg4+ 35. Kf2 Qh4+ 36. Kg2 Bh3+ 37. Kg1 Qg4+ 38. Kf2 Qf4+ 39. Ke1 Qc1+ 40. Kf2 Qf1+ 0-1

[Event "Hersonissos op 2nd"]
[Site "Hersonissos"]
[Date "2018.06.20"]
[Round "5"]
[White "Mateev, Kaloyan Mateev"]
[Black "Storkebaum, Ulrike"]
[Result "1/2-1/2"]
[WhiteElo "1539"]
[BlackElo "1825"]
[PlyCount "150"]
[EventDate "2018.06.17"]
[EventType "swiss"]
[EventRounds "9"]
[EventCountry "GRE"]
[SourceTitle "CBM 185 Extra"]
[Source "ChessBase"]
[SourceDate "2018.07.29"]
[SourceVersion "1"]
[SourceVersionDate "2018.07.29"]
[SourceQuality "1"]

1. b3 e5 2. e3 Nf6 3. Bb2 Nc6 4. Bb5 d6 5. d4 exd4 6. exd4 Bd7 7. Nf3 Qe7+ 8. Be2 d5 9. 0-0 Ne4 10. c4 Be6 11. Nbd2 Nxd2 12. Qxd2 Qd7 13. Rfe1 Bb4 14. Bc3 Bxc3 15. Qxc3 0-0 16. Rad1 h6 17. Ne5 Nxe5 18. dxe5 c6 19. Bf3 Rfd8 20. cxd5 cxd5 21. Qd4 a5 22. Rd2 a4 23. b4 Qb5 24. Red1 Rac8 25. Be2 Qc6 26. b5 Qc3 27. f4 Qxd4+ 28. Rxd4 Rc2 29. R1d2 Rxd2 30. Rxd2 d4 31. Bd1 a3 32. Bf3 b6 33. Kf2 Kf8 34. Be2 g6 35. Rd3 Ra8 36. Bf3 Ra4 37. Bd1 Ra5 38. Bb3 Rxb5 39. Bxe6 Rb2+ 40. Kf3 fxe6 41. Rxa3 h5 42. h3 Ke8 43. g3 b5 44. Ke4 Rd2 45. Rd3 Rxa2 46. Kxd4 Rb2 47. Ra3 Rb1 48. Kc5 b4 49. Ra8+ Kd7 50. Ra7+ Kc8 51. Rg7 b3 52. Kc4 b2 53. Kc3 Rg1 54. Kxb2 Rxg3 55. Re7 Rxh3 56. Rxe6 Rg3 57. Re7 h4 58. Rh7 h3 59. e6 Kd8 60. Kc2 Rg2+ 61. Kd3 h2 62. Ke3 Rg1 63. Rxh2 Ke7 64. Kf2 Rg4 65. Kf3 Rg1 66. Re2 Rh1 67. Kg3 Rh7 68. Kg4 Rh5 69. Re3 Rf5 70. Re1 Rh5 71. Re3 Rf5 72. Ra3 Rb5 73. Ra6 Rd5 74. Kf3 Rb5 75. Kg4 Rc5 1/2-1/2

[Event "Hersonissos op 2nd"]
[Site "Hersonissos"]
[Date "2018.06.19"]
[Round "4"]
[White "Storkebaum, Ulrike"]
[Black "Bit Narva, David"]
[Result "0-1"]
[WhiteElo "1825"]
[BlackElo "1926"]
[PlyCount "154"]
[EventDate "2018.06.17"]
[EventType "swiss"]
[EventRounds "9"]
[EventCountry "GRE"]
[SourceTitle "CBM 185 Extra"]
[Source "ChessBase"]
[SourceDate "2018.07.29"]
[SourceVersion "1"]
[SourceVersionDate "2018.07.29"]
[SourceQuality "1"]

1. e4 g6 2. d4 Bg7 3. f4 d6 4. h3 Nd7 5. Nf3 e6 6. Nc3 a6 7. Be3 Ne7 8. Qd2 0-0 9. Bd3 b5 10. 0-0 Bb7 11. Rad1 c5 12. dxc5 Nxc5 13. Bd4 Bxd4+ 14. Nxd4 b4 15. Nce2 Bxe4 16. Bxe4 Nxe4 17. Qxb4 Nd5 18. Qa3 Qb6 19. Kh2 Rab8 20. Qf3 Nef6 21. c4 Ne7 22. b3 Qb7 23. Qxb7 Rxb7 24. Nf3 d5 25. Ne5 Nf5 26. Rd3 dxc4 27. Nxc4 Ne4 28. g4 Ne7 29. Rd4 Nc5 30. Ne3 Rd7 31. Rxd7 Nxd7 32. Rd1 Nb6 33. Rd6 Rb8 34. Kg3 a5 35. Kf3 Ned5 36. Nxd5 Nxd5 37. f5 Nb4 38. fxe6 fxe6 39. Rxe6 Kf7 40. Rd6 Nxa2 41. Rd7+ Kf6 42. Rd3 Nb4 43. Rc3 Nd5 44. Rd3 Ke5 45. Kg3 Rc8 46. Kf3 h6 47. Rd2 Rf8+ 48. Kg2 Ne3+ 49. Kg1 Rf1+ 50. Kh2 Rb1 51. Ra2 Nd5 52. Ng3 Kf4 53. Ne2+ Ke4 54. Ng3+ Kf3 55. Rd2 Nf4 56. Nh1 Rxb3 57. Rf2+ Ke3 58. Ra2 a4 59. Ng3 a3 60. Nf1+ Kd3 61. Nd2 Rb2 62. Rxa3+ Kxd2 63. Kg3 g5 64. h4 Ne2+ 65. Kh3 Rb5 66. hxg5 hxg5 67. Ra8 Ke3 68. Re8+ Kf3 69. Ra8 Nf4+ 70. Kh2 Rb2+ 71. Kh1 Kxg4 72. Ra3 Kh4 73. Kg1 g4 74. Ra8 g3 75. Ra1 Kh3 76. Kh1 Rh2+ 77. Kg1 Ne2+ 0-1

[Event "Hersonissos op 2nd"]
[Site "Hersonissos"]
[Date "2018.06.18"]
[Round "2"]
[White "Storkebaum, Ulrike"]
[Black "Djingarova, Emilia"]
[Result "0-1"]
[WhiteElo "1825"]
[BlackElo "2218"]
[PlyCount "66"]
[EventDate "2018.06.17"]
[EventType "swiss"]
[EventRounds "9"]
[EventCountry "GRE"]
[SourceTitle "CBM 185 Extra"]
[Source "ChessBase"]
[SourceDate "2018.07.29"]
[SourceVersion "1"]
[SourceVersionDate "2018.07.29"]
[SourceQuality "1"]

1. e4 c5 2. Nf3 e6 3. d4 cxd4 4. Nxd4 a6 5. c4 Nf6 6. Nc3 d6 7. Be2 Be7 8. Be3 0-0 9. 0-0 Qc7 10. Rc1 Nbd7 11. b3 Re8 12. f4 b6 13. Bf3 Bb7 14. f5 Bf8 15. fxe6 fxe6 16. Qe1 Ne5 17. Qg3 Rab8 18. Kh1 Qf7 19. Rcd1 Qg6 20. Qxg6 Nxg6 21. Nde2 Ba8 22. Ng3 Ne5 23. h3 b5 24. cxb5 axb5 25. Nh5 Nfd7 26. Nf4 b4 27. Na4 Nf6 28. Rd4 Nxf3 29. gxf3 e5 30. Rc4 exf4 31. Bxf4 Nd7 32. Bd2 Ne5 33. Rd4 Nxf3 0-1

[Event "GER-chT Federal Cup (Women)"]
[Site "Braunfels"]
[Date "2018.05.31"]
[Round "1.3"]
[White "Storkebaum, Ulrike"]
[Black "Winterholler, Christina"]
[Result "1/2-1/2"]
[WhiteElo "1825"]
[BlackElo "2044"]
[PlyCount "96"]
[EventDate "2018.05.31"]
[EventType "team-swiss"]
[EventRounds "5"]
[EventCountry "GER"]
[SourceTitle "EXT 2020"]
[Source "ChessBase"]
[SourceDate "2019.10.17"]
[SourceVersion "1"]
[SourceVersionDate "2019.10.17"]
[SourceQuality "1"]
[WhiteTeam "Hessen (W) II"]
[BlackTeam "Bayern (W)"]
[WhiteTeamCountry "GER"]
[BlackTeamCountry "GER"]

1. e4 d5 2. exd5 Qxd5 3. Nc3 Qd6 4. d4 c6 5. h3 Nf6 6. Nf3 Bf5 7. Bd3 Bg6 8. Be3 e6 9. Ne5 Nbd7 10. Nxg6 hxg6 11. Qd2 Be7 12. Ne4 Nxe4 13. Bxe4 Nf6 14. Bf3 Nd5 15. 0-0-0 b5 16. Kb1 a5 17. Bxd5 Qxd5 18. f3 b4 19. Qd3 a4 20. b3 0-0 21. Rhe1 axb3 22. cxb3 Qa5 23. Re2 Rfd8 24. Qe4 Rd5 25. Rc1 Qa6 26. Qc2 Rad8 27. Qc4 Ra5 28. Qxa6 Rxa6 29. Rc4 Rc8 30. Rec2 Kf8 31. Bd2 Rb6 32. g4 Ke8 33. Be1 Kd7 34. h4 Rh8 35. g5 Bd6 36. Re2 f6 37. gxf6 gxf6 38. Kc2 Rb5 39. Kd3 g5 40. hxg5 fxg5 41. Rg2 Rf8 42. Ke2 Rff5 43. Bg3 Ra5 44. Rc2 Be7 45. Rh2 Rf7 46. Be5 Bd6 47. Bxd6 Kxd6 48. Ke3 Raf5 1/2-1/2

[Event "Bad Woerishofen op 34th"]
[Site "Bad Woerishofen"]
[Date "2018.02.24"]
[Round "3"]
[White "Riegler, Dieter"]
[Black "Storkebaum, Ulrike"]
[Result "1/2-1/2"]
[WhiteElo "1999"]
[BlackElo "1791"]
[PlyCount "41"]
[EventDate "2018.02.23"]
[EventType "swiss"]
[EventRounds "9"]
[EventCountry "GER"]
[SourceTitle "EXT 2019"]
[Source "ChessBase"]
[SourceDate "2018.10.10"]
[SourceVersion "1"]
[SourceVersionDate "2018.10.10"]
[SourceQuality "1"]

1. d4 Nf6 2. c4 g6 3. Nc3 Bg7 4. e4 d6 5. Nf3 0-0 6. h3 a5 7. g4 Na6 8. Be3 c5 9. d5 Nc7 10. Be2 e6 11. Nd2 exd5 12. cxd5 Nd7 13. Qc2 b6 14. Nc4 Qe7 15. Bf4 Ne5 16. Bxe5 Bxe5 17. Nxb6 Rb8 18. Nc4 Bd4 19. Rc1 f5 20. exf5 gxf5 21. g5 1/2-1/2

[Event "GER-chT Federal Cup (Women)"]
[Site "Braunfels"]
[Date "2017.06.17"]
[Round "4.6"]
[White "Tobianski, Karina"]
[Black "Storkebaum, Ulrike"]
[Result "1-0"]
[WhiteElo "1623"]
[BlackElo "1803"]
[PlyCount "81"]
[EventDate "2017.06.15"]
[EventType "team-swiss"]
[EventRounds "5"]
[EventCountry "GER"]
[SourceTitle "CBM 179 Extra"]
[Source "ChessBase"]
[SourceDate "2017.08.23"]
[SourceVersion "1"]
[SourceVersionDate "2017.08.23"]
[SourceQuality "1"]
[WhiteTeam "Hamburg (W)"]
[BlackTeam "Hessen (W) II"]
[WhiteTeamCountry "GER"]
[BlackTeamCountry "GER"]

1. e4 e5 2. Nf3 Nc6 3. Bc4 Nf6 4. d4 Nxe4 5. dxe5 Be7 6. Qd5 0-0 7. Qxe4 d6 8. 0-0 dxe5 9. Nxe5 Nxe5 10. Qxe5 Bd6 11. Qh5 g6 12. Qh6 Be5 13. Nc3 Bf5 14. Bb3 c6 15. Bg5 Qa5 16. Qh4 Qc7 17. Rfe1 h5 18. Ne4 Bxe4 19. Rxe4 Kg7 20. Rae1 f6 21. Bf4 Rae8 22. Bxe5 fxe5 23. Qg3 Rf5 24. Qe3 c5 25. Rd1 b5 26. c4 bxc4 27. Rxc4 Ref8 28. Rxc5 Qe7 29. Rc2 Rd8 30. Rxd8 Qxd8 31. Qxa7+ Kh6 32. Qe3+ Kg7 33. Rd2 Qc7 34. Rd1 Kf6 35. Qd3 Qa7 36. Qd6+ Kg5 37. Qd8+ Kh6 38. Qd2+ Kg7 39. Qd7+ Qxd7 40. Rxd7+ Kf6 41. Rf7+ 1-0

[Event "GER-chT Federal Cup (Women)"]
[Site "Braunfels"]
[Date "2017.06.16"]
[Round "3.7"]
[White "Storkebaum, Ulrike"]
[Black "Dietrich, Mareike"]
[Result "1/2-1/2"]
[WhiteElo "1803"]
[BlackElo "1723"]
[PlyCount "48"]
[EventDate "2017.06.15"]
[EventType "team-swiss"]
[EventRounds "5"]
[EventCountry "GER"]
[SourceTitle "CBM 179 Extra"]
[Source "ChessBase"]
[SourceDate "2017.08.23"]
[SourceVersion "1"]
[SourceVersionDate "2017.08.23"]
[SourceQuality "1"]
[WhiteTeam "Hessen (W) II"]
[BlackTeam "Thueringen (W)"]
[WhiteTeamCountry "GER"]
[BlackTeamCountry "GER"]

1. e4 c5 2. Nf3 d6 3. d4 cxd4 4. Nxd4 Nf6 5. Nc3 a6 6. Be2 Nbd7 7. Be3 e6 8. 0-0 b5 9. f3 Bb7 10. Qd2 Be7 11. Rac1 Rc8 12. g4 h6 13. Bd3 Ne5 14. h3 b4 15. Nce2 d5 16. Ng3 dxe4 17. Nxe4 Nxe4 18. fxe4 Nc4 19. Bxc4 Rxc4 20. Qf2 0-0 21. b3 Rc3 22. Ne2 Rc8 23. Rfd1 Qc7 24. Rd4 Rfd8 1/2-1/2

[Event "Hofheim Spring op-B 5th"]
[Site "Hofheim"]
[Date "2017.04.10"]
[Round "7"]
[White "Storkebaum, Ulrike"]
[Black "Fuell, Klaus Dieter"]
[Result "1-0"]
[WhiteElo "1769"]
[BlackElo "1827"]
[PlyCount "130"]
[EventDate "2017.04.07"]
[EventType "swiss"]
[EventRounds "9"]
[EventCountry "GER"]
[SourceTitle "CBM 178 Extra"]
[Source "ChessBase"]
[SourceDate "2017.06.22"]
[SourceVersion "1"]
[SourceVersionDate "2017.06.22"]
[SourceQuality "1"]

1. e4 b6 2. Nc3 Bb7 3. d4 e6 4. Nf3 d6 5. Bb5+ c6 6. Ba4 Nd7 7. 0-0 a5 8. a3 Be7 9. d5 exd5 10. exd5 Rc8 11. dxc6 Bxc6 12. Bxc6 Rxc6 13. Re1 Ngf6 14. Qe2 Ne5 15. Nxe5 dxe5 16. Qxe5 0-0 17. Be3 Ng4 18. Qe4 Rg6 19. h3 Nf6 20. Qc4 Qa8 21. Qf1 Qc8 22. Kh1 Qc6 23. Rad1 Bd8 24. Bf4 Bc7 25. Bxc7 Qxc7 26. Re3 Rh6 27. Qd3 Qb7 28. Kg1 Rg6 29. Rg3 Rh6 30. Qe3 Nh5 31. Qxh6 Nxg3 32. Qe3 Nh5 33. Nd5 Nf6 34. Qxb6 Qxb6 35. Nxb6 g6 36. Nd7 Nxd7 37. Rxd7 Re8 38. c3 a4 39. Rd4 Rb8 40. Rb4 Ra8 41. c4 Ra7 42. c5 Kg7 43. c6 Rc7 44. Rc4 Kf6 45. Kf1 Ke5 46. Ke2 Kd5 47. Rxa4 Rxc6 48. Kd3 h5 49. Ra5+ Ke6 50. b4 Rc1 51. b5 Rb1 52. Ra6+ Kd5 53. a4 Kc5 54. Rf6 Rd1+ 55. Kc3 Rd7 56. Rc6+ Kd5 57. a5 Rb7 58. Kb4 Re7 59. f3 Re2 60. a6 Ra2 61. Kb3 Ra5 62. Kb4 Ra2 63. Rc7 f5 64. a7 h4 65. b6 Kd6 1-0

[Event "Hofheim Spring op-B 5th"]
[Site "Hofheim"]
[Date "2017.04.08"]
[Round "2"]
[White "Storkebaum, Ulrike"]
[Black "Modric, Vladimir"]
[Result "1-0"]
[WhiteElo "1769"]
[BlackElo "1901"]
[PlyCount "59"]
[EventDate "2017.04.07"]
[EventType "swiss"]
[EventRounds "9"]
[EventCountry "GER"]
[SourceTitle "CBM 178 Extra"]
[Source "ChessBase"]
[SourceDate "2017.06.22"]
[SourceVersion "1"]
[SourceVersionDate "2017.06.22"]
[SourceQuality "1"]

1. e4 e6 2. d4 d5 3. exd5 exd5 4. Nf3 Bg4 5. Bd3 Nc6 6. c3 Bd6 7. 0-0 Qd7 8. Re1+ Nge7 9. Nbd2 0-0-0 10. b4 Ng6 11. b5 Nce7 12. Qa4 Kb8 13. Ne5 Nxe5 14. dxe5 Bc5 15. Nb3 Bb6 16. Be3 Bxe3 17. Rxe3 h5 18. Nc5 Qc8 19. Rae1 Nf5 20. Bxf5 Bxf5 21. c4 Rh6 22. Ra3 a6 23. bxa6 b6 24. a7+ Ka8 25. Na6 dxc4 26. Qxc4 Rd7 27. Nb8 Re7 28. Nc6 Rd7 29. Nd4 Re7 30. Nxf5 1-0

[Event "BL2 Sued 1516 (Women)"]
[Site "Germany"]
[Date "2016.02.27"]
[Round "6.6"]
[White "Storkebaum, Ulrike"]
[Black "Zemke, Christine"]
[Result "1/2-1/2"]
[WhiteElo "1782"]
[BlackElo "1741"]
[PlyCount "73"]
[EventDate "2015.09.26"]
[EventType "team-tourn"]
[EventRounds "7"]
[EventCountry "GER"]
[SourceTitle "EXT 2017"]
[Source "ChessBase"]
[SourceDate "2016.10.25"]
[SourceVersion "1"]
[SourceVersionDate "2016.10.25"]
[SourceQuality "1"]
[WhiteTeam "Hofheim (W)"]
[BlackTeam "Mainz Schott (W)"]
[WhiteTeamCountry "GER"]
[BlackTeamCountry "GER"]

1. e4 d5 2. exd5 Qxd5 3. Nc3 Qd8 4. d4 e6 5. Nf3 a6 6. Bd3 Nf6 7. 0-0 Be7 8. Ne4 b6 9. Nxf6+ Bxf6 10. Be4 c6 11. Be3 Bb7 12. Ne5 Qc7 13. f4 Nd7 14. Qf3 Rc8 15. Rad1 g6 16. c4 0-0 17. b3 Bg7 18. Nxd7 Qxd7 19. d5 cxd5 20. cxd5 exd5 21. Bxd5 Bxd5 22. Qxd5 Qxd5 23. Rxd5 Rc6 24. Rfd1 b5 25. Bc5 Re8 26. Kf1 Bf6 27. b4 Rce6 28. R5d2 Re4 29. g3 Bc3 30. Rc2 Bxb4 31. Bxb4 Rxb4 32. Rd6 a5 33. Rd7 a4 34. Ra7 Kf8 35. Kf2 Rb1 36. Kf3 Kg8 37. h4 1/2-1/2

[Event "GER-chT Federal Cup (Women)"]
[Site "Braunfels"]
[Date "2015.06.04"]
[Round "1.8"]
[White "Storkebaum, Ulrike"]
[Black "Gazizova, Alina"]
[Result "1-0"]
[WhiteElo "1723"]
[BlackElo "1238"]
[PlyCount "129"]
[EventDate "2015.06.04"]
[EventType "team-swiss"]
[EventRounds "5"]
[EventCountry "GER"]
[SourceTitle "CBM 167 Extra"]
[Source "ChessBase"]
[SourceDate "2015.09.14"]
[SourceVersion "1"]
[SourceVersionDate "2015.09.14"]
[SourceQuality "1"]
[WhiteTeam "Hessen (W)"]
[BlackTeam "Mecklenburg Vorpommern (W)"]
[WhiteTeamCountry "GER"]
[BlackTeamCountry "GER"]

1. e4 c5 2. Nf3 d6 3. d4 cxd4 4. Nxd4 Nf6 5. Nc3 a6 6. Be2 e6 7. Be3 Be7 8. 0-0 0-0 9. f4 b5 10. Bf3 Bb7 11. e5 Nd5 12. Nxd5 Bxd5 13. Bxd5 exd5 14. e6 Qc7 15. exf7+ Rxf7 16. Ne6 Qb7 17. f5 Nd7 18. Qg4 Nf6 19. Qd4 Rc8 20. Qd3 Ng4 21. Bd4 Ne5 22. Qe2 Bf6 23. c3 Nc6 24. Bxf6 Rxf6 25. Rad1 Ne7 26. g4 Rc4 27. Nd4 Nc6 28. Qe8+ Rf8 29. Qe6+ Qf7 30. Qxf7+ Rxf7 31. Nxc6 Rxc6 32. Rxd5 Re7 33. Rd2 Re4 34. h3 b4 35. cxb4 Rxb4 36. f6 gxf6 37. Rxf6 Rc1+ 38. Kg2 Rc6 39. b3 Rbb6 40. g5 d5 41. Rxd5 Rc2+ 42. Rf2 Rxf2+ 43. Kxf2 Kf7 44. Kf3 Kg6 45. Rd7 h6 46. gxh6 Kxh6 47. Rd5 Rf6+ 48. Ke4 Kg6 49. h4 Re6+ 50. Kd4 Rb6 51. Kc5 Rb5+ 52. Kc4 Rb6 53. a4 Rc6+ 54. Rc5 Rf6 55. Kb4 Rb6+ 56. Kc4 Rf6 57. Rg5+ Kh6 58. Rg4 Kh5 59. Re4 Kg6 60. Kd5 Rf5+ 61. Re5 Rf3 62. b4 Rf4 63. Re4 Rf5+ 64. Kd6 Rf6+ 65. Re6 1-0

[Event "BL2 Sued 1415 (Women)"]
[Site "Germany"]
[Date "2015.03.29"]
[Round "7.6"]
[White "Haecker, Gabriele"]
[Black "Storkebaum, Ulrike"]
[Result "1-0"]
[WhiteElo "1990"]
[BlackElo "1846"]
[PlyCount "55"]
[EventDate "2014.09.27"]
[EventType "team-tourn"]
[EventRounds "7"]
[EventCountry "GER"]
[SourceTitle "CBM 166 Extra"]
[Source "ChessBase"]
[SourceDate "2015.06.18"]
[SourceVersion "1"]
[SourceVersionDate "2015.06.18"]
[SourceQuality "1"]
[WhiteTeam "Stuttgart Wolfbusch (W)"]
[BlackTeam "Hofheim (W)"]
[WhiteTeamCountry "GER"]
[BlackTeamCountry "GER"]

1. e4 e5 2. Nf3 Nc6 3. d4 exd4 4. Nxd4 Bc5 5. Nf5 Qf6 6. Nc3 Bb4 7. Bd2 Nge7 8. Ne3 0-0 9. Bd3 Ne5 10. Be2 d6 11. 0-0 Bc5 12. Kh1 a6 13. f4 N5c6 14. f5 Ne5 15. Ned5 Nxd5 16. Nxd5 Qh4 17. Rf4 Qd8 18. f6 c6 19. fxg7 Kxg7 20. Nf6 Ng6 21. Rf1 d5 22. exd5 cxd5 23. Nxd5 f5 24. Bc3+ Kg8 25. Nf6+ Kf7 26. Bc4+ Be6 27. Bxe6+ Kxe6 28. Qe2+ 1-0